[Event "7. Oeffinger Schachopen"]
[Site "Oeffingen"]
[Date "2016.05.16"]
[Round "7.5"]
[White "Partik, Markus"]
[Black "Heining, Thomas"]
[Result "1-0"]
[WhiteElo "1929"]
[BlackElo "2129"]
[PlyCount "130"]
[EventDate "2016.??.??"]
[BlackTeam "SF Oeffingen"]

1. c4 Nf6 2. Nc3 g6 3. Nf3 Bg7 4. g3 O-O 5. Bg2 d6 6. O-O Nc6 7. d3 h6 8. Rb1
a5 9. a3 e5 10. Nd2 Be6 11. Nd5 Bxd5 12. Bxd5 Nxd5 13. cxd5 Ne7 14. e4 c6 15.
dxc6 bxc6 16. Nc4 d5 17. Ne3 f5 18. f3 Qb6 19. Kg2 Rad8 20. Qc2 Rd7 21. b4 axb4
22. Rxb4 Qa7 23. Qb3 Kh7 24. Rf2 Rfd8 25. Ra4 Qc5 26. Rc2 Qd6 27. Rb4 Qf6 28.
Rb8 Qf8 29. Rxd8 Qxd8 30. a4 Qa8 31. Bd2 Qa6 32. Qa3 f4 33. Nf1 dxe4 34. fxe4
Bf6 35. Rc3 Kg7 36. Kf3 fxg3 37. Nxg3 Ra7 38. Rc4 h5 39. Nf1 Qc8 40. Qc5 Qg4+
41. Kf2 Rd7 42. Qe3 Bh4+ 43. Ng3 Rd8 44. Kg2 Rf8 45. h3 Qd1 46. Be1 Rb8 47. Qc1
Qxd3 48. Qc3 Qd6 49. a5 Bf6 50. a6 Ra8 51. Ra4 Qd1 52. Ra1 Qd7 53. Bf2 Qc8 54.
a7 Qb7 55. Ra4 Nc8 56. Rb4 Qc7 57. Qb3 Be7 58. Rb7 Qd6 59. Rb8 Rxa7 60. Rxc8
Ra3 61. Rg8+ Kf6 62. Nxh5+ Kg5 63. Qf7 Rg3+ 64. Nxg3 Bf6 65. Qxg6+ Kf4 1-0

[Event "7. Oeffinger Schachopen"]
[Site "Oeffingen"]
[Date "2016.05.16"]
[Round "7.6"]
[White "Hottes, Dieter"]
[Black "Süss, Stefan"]
[Result "1-0"]
[WhiteElo "2111"]
[BlackElo "1921"]
[PlyCount "79"]
[EventDate "2016.??.??"]
[WhiteTeam "Stuttgarter SF"]
[BlackTeam "SG Schwabing München"]

1. c4 e5 2. b3 Nc6 3. Nc3 f5 4. g3 Nf6 5. Bg2 Bc5 6. e3 O-O 7. Nge2 a6 8. O-O
Ba7 9. Bb2 d6 10. d4 Rb8 11. Qd2 Ne7 12. dxe5 dxe5 13. Qxd8 Rxd8 14. Rfd1 Be6
15. Rac1 Ng6 16. Rxd8+ Rxd8 17. Bxb7 Rd2 18. Ba1 f4 19. gxf4 exf4 20. Nd4 Bg4
21. Ne4 Nxe4 22. Bxe4 fxe3 23. fxe3 Bc5 24. a4 Nh4 25. Bc3 Ra2 26. Ra1 Bxd4 27.
Bxd4 Rxa1+ 28. Bxa1 Bd1 29. Bd5+ Kf8 30. c5 Nf5 31. Kf2 g6 32. a5 Ne7 33. Bc4
Nc6 34. Bc3 Ke7 35. b4 Nb8 36. b5 Ba4 37. bxa6 Bc6 38. Be5 Kd8 39. Kg3 Ba8 40.
Kf4 1-0

[Event "7. Oeffinger Schachopen"]
[Site "Oeffingen"]
[Date "2016.05.16"]
[Round "7.7"]
[White "Gheng, Simona"]
[Black "Siegle, Florian"]
[Result "1-0"]
[WhiteElo "2037"]
[BlackElo "1923"]
[PlyCount "95"]
[EventDate "2016.??.??"]
[WhiteTeam "TSV Schönaich"]
[BlackTeam "Stuttgarter SF"]

1. e4 e6 2. d4 c5 3. Nf3 cxd4 4. Nxd4 d5 5. Bb5+ Bd7 6. exd5 exd5 7. O-O Be7 8.
Re1 Nc6 9. Bg5 Kf8 10. Bxe7+ Ngxe7 11. Nc3 Rc8 12. Nb3 Nb4 13. Bxd7 Qxd7 14. a3
Na6 15. Qd4 b6 16. Rad1 Nc7 17. h3 f6 18. Qh4 Kf7 19. Nd4 Ng6 20. Qh5 Rhe8 21.
Rxe8 Rxe8 22. Nf3 Qc6 23. Qf5 Rd8 24. h4 Kg8 25. h5 Ne7 26. Qg4 Qe6 27. Qa4 a6
28. Re1 Qd6 29. Qg4 Qd7 30. Qf4 Rc8 31. Nd4 Kf7 32. Nf3 Kg8 33. Qb4 Nc6 34. Qh4
Qf5 35. h6 g5 36. Qg3 Ne6 37. Qd6 Nf4 38. Ne2 Nxe2+ 39. Rxe2 Kf7 40. c3 Kg6 41.
Re6 d4 42. Qd7 Rc7 43. Qe8+ Kxh6 44. Rxc6 Rxc6 45. Qxc6 d3 46. Qxb6 g4 47. Qe3+
Kg7 48. Ne1 1-0

[Event "7. Oeffinger Schachopen"]
[Site "Oeffingen"]
[Date "2016.05.16"]
[Round "7.8"]
[White "Pelezki, Eugen"]
[Black "Alber, Wilhelm"]
[Result "1/2-1/2"]
[WhiteElo "2006"]
[BlackElo "1884"]
[PlyCount "58"]
[EventDate "2016.??.??"]
[WhiteTeam "SV Wendlingen"]
[BlackTeam "SF Oeffingen"]

1. Nf3 Nf6 2. d3 d5 3. e4 dxe4 4. Ng5 Bg4 5. Qd2 exd3 6. Bxd3 Nc6 7. Nc3 e6 8.
Qe3 Qd4 9. Nb5 Qxe3+ 10. fxe3 Bd6 11. O-O a6 12. Nxd6+ cxd6 13. c3 Ne5 14. Bc2
Be2 15. Rf4 h6 16. Ne4 Nxe4 17. Bxe4 d5 18. Bc2 f6 19. Rb4 Rb8 20. a4 a5 21.
Rd4 Ke7 22. Kf2 Bh5 23. h3 Rhc8 24. g4 Bg6 25. Bd1 Rc4 26. Be2 Rxd4 27. cxd4
Nd3+ 28. Bxd3 Bxd3 29. Bd2 b6 1/2-1/2